On Sturm-Lioville problems with the square-root of the eigenvalue parameter contained in the boundary conditions /
Guardado en:
| Autor Principal: | |
|---|---|
| Autor Corporativo: | |
| Otros Autores: | |
| Formato: | Libro |
| Idioma: | English |
| Publicado: |
Bahía Blanca :
INMABB-CONICET, Universidad Nacional del Sur,
1981.
|
| Series: | Notas de álgebra y análisis (Instituto de Matemática, Universidad Nacional del Sur) ;
10 |
| Acceso en línea: | Texto escaneado (PDF) |
| Etiquetas: |
Agregar Etiqueta
Sin Etiquetas, Sea el primero en etiquetar este registro!
|
| LEADER | 00973nam a22002175a 4500 | ||
|---|---|---|---|
| 001 | MAT.inmabb006414 | ||
| 008 | 101116s1981####ag#a#####b####000#0#eng#d | ||
| 005 | 20151030112331.0 | ||
| 245 | 1 | 3 | |a On Sturm-Lioville problems with the square-root of the eigenvalue parameter contained in the boundary conditions / |c Agnes Benedek and Rafael Panzone. |
| 260 | |a Bahía Blanca : |b INMABB-CONICET, Universidad Nacional del Sur, |c 1981. | ||
| 300 | |a 62 p. : |b il. ; |c 26 cm. | ||
| 490 | 0 | |a Notas de álgebra y análisis, |x 0078-2009 ; |v 10 | |
| 504 | |a Bibliografía: p. 58-59. | ||
| 510 | 4 | |a MR, |c 84a:34028 | |
| 100 | 1 | |a Benedek, Agnes Ilona. | |
| 700 | 1 | |a Panzone, Rafael. | |
| 710 | 2 | |a Instituto de Matemática. INMABB. UNS. CONICET. | |
| 830 | 0 | |a Notas de álgebra y análisis (Instituto de Matemática, Universidad Nacional del Sur) ; |v 10 | |
| 084 | |a 34B25 |2 MR | ||
| 856 | 4 | 1 | |u http://inmabb-conicet.gob.ar/publicaciones/naa/naa-10.pdf |y Texto escaneado (PDF) |
| 859 | |k H |p B-899 |b BIB. MATEMATICA | ||
